| Tag |
First Indicator |
Second Indicator |
Subfields |
| LEADER |
00000cam a22000008a 4500 |
| 001 |
in00000072674 |
| 005 |
20151008054602.0 |
| 008 |
801031s1981 ctu b 00110 engm |
| 010 |
|
|
|a 80027284
|
| 020 |
|
|
|a 0313212716 (lib. bdg.)
|
| 035 |
|
|
|a (OCoLC)06942997
|
| 035 |
|
|
|9 AAJ1094AM
|
| 040 |
|
|
|a DLC
|c DLC
|d TXA
|d UtOrBLW
|
| 043 |
|
|
|a n-us---
|
| 049 |
|
|
|a TXAM
|c [1672553]
|
| 050 |
0 |
0 |
|a PS374.N4
|b G48
|
| 082 |
0 |
|
|a 813/.009/896073
|2 19
|
| 100 |
1 |
|
|a Gibson, Donald B.
|
| 245 |
1 |
4 |
|a The politics of literary expression :
|b a study of major Black writers /
|c Donald B. Gibson.
|
| 263 |
|
|
|a 8112
|
| 264 |
|
1 |
|a Westport, Conn. :
|b Greenwood Press,
|c 1981.
|
| 300 |
|
|
|a x, 225 pages ;
|c 22 cm.
|
| 336 |
|
|
|a text
|b txt
|2 rdacontent
|
| 337 |
|
|
|a unmediated
|b n
|2 rdamedia
|
| 338 |
|
|
|a volume
|b nc
|2 rdacarrier
|
| 490 |
1 |
|
|a Contributions in Afro-American and African studies,
|x 0069-9624 ;
|v no. 63
|
| 500 |
|
|
|a Includes index.
|
| 504 |
|
|
|a Bibliography: pages [183]-217.
|
| 650 |
|
0 |
|a American fiction
|x African American authors
|x History and criticism.
|
| 650 |
|
0 |
|a American fiction
|y 20th century
|x History and criticism.
|
| 650 |
|
0 |
|a African American authors
|x Political and social views.
|
| 650 |
|
0 |
|a Politics in literature.
|
| 650 |
|
0 |
|a Social problems in literature.
|
| 830 |
|
0 |
|a Contributions in Afro-American and African studies ;
|v no. 63.
|
| 999 |
|
|
|a MARS
|
| 999 |
f |
f |
|s 7f2f8a42-7842-3713-941f-b5109f569223
|i 8ee79c94-16f6-36cf-9992-ef77edb52524
|t 0
|
| 952 |
f |
f |
|p ric
|a Texas A&M University
|b Rellis Campus
|c Joint Library Facility
|d Remote Storage
|t 0
|e PS374 B635 G48
|h Library of Congress classification
|i unmediated -- volume
|m A14806188845
|
| 998 |
f |
f |
|a PS374 B635 G48
|t 0
|l Remote Storage
|